Long-term educational plan for India (Record no. 16602)

MARC details
000 -LEADER
fixed length control field 00343nam a2200133Ia 4500
082 ## - DEWEY DECIMAL CLASSIFICATION NUMBER
Classification number TV.0088
100 ## - MAIN ENTRY--AUTHOR NAME
Personal name Venkatesware Rao, H.
245 #0 - TITLE STATEMENT
Title Long-term educational plan for India
260 ## - PUBLICATION, DISTRIBUTION, ETC. (IMPRINT)
Year of publication 1980
Name of publisher Osmania University
300 ## - PHYSICAL DESCRIPTION
Number of Pages 322p. + C D -7
650 ## - SUBJECT ADDED ENTRY--TOPICAL TERM
Topical Term EDUCATIONAL PLANNING - INDIA
710 ## - ADDED ENTRY--CORPORATE NAME
Corporate name or jurisdiction name as entry element Reddy, M. Yadava
942 ## - ADDED ENTRY ELEMENTS (KOHA)
Koha item type Thesis
Source of classification or shelving scheme Dewey Decimal Classification
Holdings
Withdrawn status Lost status Damaged status Not for loan Home library Current library Date acquired Bill Date Full call number Accession Number Price effective from Koha item type
        NASSDOC Library NASSDOC Library 08/10/2004 2004-10-22 TV.0088 14628 18/04/2019 Thesis